000 00397nam a22001577a 4500
003 OSt
005 20260319130619.0
008 260319b |||||||| |||| 00| 0 eng d
020 _a9788123925806
040 _cIIMT UNIVERCITY MEERUT
100 _aGVRK Acharyulu
245 _aPharmacy Administration
260 _aNEW DELHI
_bCBS Publishers & Distributors
300 _aVER
942 _2ddc
_c01
999 _c67290
_d67290